| 000 | 00911cam a2200289 a 4500 | ||
|---|---|---|---|
| 001 | 12442797 | ||
| 003 | ARRUPE | ||
| 005 | 20141029114550.0 | ||
| 008 | 010615s2001 enk 000 f eng d | ||
| 010 | _a 2001369730 | ||
| 020 | _a0864863780 | ||
| 035 | _a(OCoLC)ocm46897192 | ||
| 040 |
_aOI@ _cOI@ _dOCL _dDLC |
||
| 041 | 1 |
_aeng _hpor |
|
| 042 | _alccopycat | ||
| 050 | 0 | 0 |
_aPQ9939.C68 _bV3713 2001 |
| 082 | 0 | 0 |
_a869.3/42 _222 |
| 100 | 1 |
_aCouto, Mia, _d1955- _912281 |
|
| 240 | 1 | 0 |
_aVaranda do frangipani. _lEnglish |
| 245 | 1 | 0 |
_aUnder the frangipani / _cMia Couto ; translated by David Brookshaw. |
| 260 |
_aLondon : _bSerpent's Tail, _c2001. |
||
| 300 |
_aviii, 150 p. ; _c22 cm. |
||
| 700 | 1 |
_aBrookshaw, David. _912282 |
|
| 906 |
_a7 _bcbc _ccopycat _d3 _encip _f20 _gy-gencatlg |
||
| 942 |
_2lcc _cMONOGRAPH |
||
| 999 |
_c121147 _d121147 |
||